000 00278nam a2200121Ia 4500
008 190216s9999||||xx |||||||||||||| ||und||
100 _aCharles Siegel
245 0 _aMastering Foxpro 2.5
260 _bBpb Publications
_c1994
300 _a956p
650 _aComputer
942 _cBK
999 _c8565
_d8565